| 000 | 00380nam a2200169Ia 4500 | ||
|---|---|---|---|
| 003 | 0STCL | ||
| 008 | 150530s9999 xx 000 0 und d | ||
| 040 |
_aSTCL _cSTCL |
||
| 100 | _aSohanlal Divedi | ||
| 245 | _aJai Jai Swadesh | ||
| 260 |
_bSahitya Prakashan ; Delhi _c1945 |
||
| 300 | _a0 | ||
| 546 | _aHindi | ||
| 942 |
_2ddc _cBK |
||
| 999 |
_c62678 _d62678 |
||
| 005 | 20220125171212.0 | ||